000 00299nam a2200145Ia 4500
003 Ost
005 20260225132600.0
008 260225s9999||||xx |||||||||||||| ||und||
040 _cfsic
041 _afre
082 _a4.67
245 0 _aINTERNET :
245 0 _bMODE D'EMPLOI /
942 _cكتاب
999 _c34687
_d34687